ARRUPE JESUIT UNIVERSITY

CORONAVIRUS -STOP THE SPREAD - CLEAN,DISINFECT,COVER

The Oxford handbook of philosophy of education / (Record no. 128200)

MARC details
000 -LEADER
fixed length control field 03348cam a2200277 a 4500
001 - CONTROL NUMBER
control field 15508374
003 - CONTROL NUMBER IDENTIFIER
control field ARRUPE
005 - DATE AND TIME OF LATEST TRANSACTION
control field 20180920122127.0
008 - FIXED-LENGTH DATA ELEMENTS--GENERAL INFORMATION
fixed length control field 081103s2009 enk b 001 0 eng
010 ## - LIBRARY OF CONGRESS CONTROL NUMBER
LC control number 2008046391
020 ## - INTERNATIONAL STANDARD BOOK NUMBER
International Standard Book Number 9780195312881 (hardback : alk. paper)
020 ## - INTERNATIONAL STANDARD BOOK NUMBER
International Standard Book Number 0195312880 (hardback : alk. paper)
035 ## - SYSTEM CONTROL NUMBER
System control number (OCoLC)ocn272304261
040 ## - CATALOGING SOURCE
Original cataloging agency DLC
Transcribing agency DLC
Modifying agency BTCTA
-- YDXCP
-- C#P
-- DLC
050 00 - LIBRARY OF CONGRESS CALL NUMBER
Classification number LB14.7
Item number .O93 2009
082 00 - DEWEY DECIMAL CLASSIFICATION NUMBER
Classification number 370.1
Edition number 22
300 ## - PHYSICAL DESCRIPTION
Dimensions 26 cm.
245 04 - TITLE STATEMENT
Title The Oxford handbook of philosophy of education /
Statement of responsibility, etc edited by Harvey Siegel.
260 ## - PUBLICATION, DISTRIBUTION, ETC. (IMPRINT)
Place of publication, distribution, etc Oxford ;
-- New York :
Name of publisher, distributor, etc Oxford University Press,
Date of publication, distribution, etc 2009.
300 ## - PHYSICAL DESCRIPTION
Extent xiii, 548 p. ;
504 ## - BIBLIOGRAPHY, ETC. NOTE
Bibliography, etc Includes bibliographical references and index.
505 0# - FORMATTED CONTENTS NOTE
Formatted contents note Aims of education. The epistemic aims of education / Emily Robertson -- Moral and political aims of education / Harry Brighouse -- Tagore, Dewey, and the imminent demise of liberal education / Martha Nussbaum -- Thinking, reasoning, teaching, and learning. Thinking, reasoning, and education / Richard Feldman -- Why fallibility has not mattered and how it could / Jonathan E. Adler -- Indoctrination / Eamonn Callan and Dylan Arena -- Educating for authenticity : the paradox of moral education revisited / Stefaan E. Cuypers -- The development of rationality / David Moshman -- Philosophy and developmental psychology : outgrowing the deficit conception of childhood / Gareth B. Matthews -- Socratic teaching and Socratic method / Thomas C. Brickhouse and Nicholas D. Smith -- Educating the practical imagination : a prolegomena / Amélie Rorty -- Moral, value, and character education. Caring, empathy, and moral education / Michael Slote -- Kantian moral maturity and the cultivation of character / Marcia W. Baron -- The persistence of moral skepticism and the limits of moral education / Elijah Millgram -- Values education / Graham Oddie -- Knowledge, curriculum, and educational research. Curriculum and the value of knowledge / David Carr -- Education, democracy, and capitalism / Philip Kitcher -- Art and education / Catherine Z. Elgin -- Science education, religious toleration, and liberal neutrality toward the good / Robert Audi -- Constructivisms, scientific methods, and reflective judgment in science education / Richard E. Grandy -- Empirical educational research : charting philosophical disagreements in an undisciplined field / D.C. Phillips -- Social and political issues. Educating for individual freedom and democratic citizenship : in unity and diversity there is strength / Amy Gutmann -- Mapping multicultural education / Meira Levinson -- Prejudice / Lawrence Blum -- Educational authority and the interests of children / Rob Reich -- Approaches to philosophy of education and philosophy. Pragmatist philosophy of education / Randall Curren -- Feminist philosophy and education / Nel Noddings -- Postmodernism and education / Nicholas C. Burbules.
650 #0 - SUBJECT ADDED ENTRY--TOPICAL TERM
Topical term or geographic name as entry element Education
General subdivision Philosophy.
9 (RLIN) 42362
700 1# - ADDED ENTRY--PERSONAL NAME
Personal name Siegel, Harvey,
Dates associated with a name 1952-
9 (RLIN) 42363
906 ## - LOCAL DATA ELEMENT F, LDF (RLIN)
a 7
b cbc
c orignew
d 1
e ecip
f 20
g y-gencatlg
942 ## - ADDED ENTRY ELEMENTS (KOHA)
Source of classification or shelving scheme Library of Congress Classification
Koha item type Monograph ( Printed materials)
Holdings
Withdrawn status Lost status Source of classification or shelving scheme Damaged status Not for loan Collection code Home library Current library Shelving location Date acquired Total Checkouts Full call number Barcode Date last seen Date checked out Price effective from Koha item type
    Library of Congress Classification     Main Collection ARRUPE LIBRARY ARRUPE LIBRARY Main Collection 20/09/2018 11 LB14.7 .O93 2009 46600002091 25/04/2024 05/04/2024 20/09/2018 Monograph ( Printed materials)

 

Arrupe Library. PO Box MP320 Mt Pleasant, Harare, Zimbabwe
263 242 745411|librarian@aju.ac.zw